000 00567nam a2200205Ia 4500
008 180523s9999 xx 000 0 und d
020 _a81-7314-082-0
050 _aMAIN HF 5438.4
050 _b.R63 2002
100 _aRobinson, Elaine Frazer -
245 0 _aHigh performance sales management /
245 0 _cElaine Frazer-Robinson, John Frazer-Robinson.
260 _aNew Delhi :
260 _bResearch Press,
260 _c2002
300 _a63 pages :
300 _c23 cm.
440 _a60 minutes success skills series
650 _aSales management.
999 _c357118
_d357118